000 00580nam a2200181Ia 4500
008 090123s9999 xx 000 0 und d
082 _b18921
_a891.463/बांदोड
100 _aबांदोडकर व.पु.
245 _aप्राणांतिक
250 _a1
260 _bप्रिया प्रकाशन
_c1991
300 _a151
600 _aबांदोडकर व.पु.
630 _aप्राणांतिक
700 _aबांदोडकर व.पु.
730 _aप्राणांतिक
942 _cBOOK
999 _c56986
_d56986